| 000 | 00444nam a2200181Ia 4500 | ||
|---|---|---|---|
| 008 | 230524s9999 xx 000 0 und d | ||
| 020 | _a9780070144941 | ||
| 082 |
_a650.95 _bOBR |
||
| 100 | _aJames A.O'Brien | ||
| 245 | 0 | _aManagement Information Systems | |
| 250 | _a7th ed. | ||
| 260 |
_aNEW DELHI _bTMH _c2001 |
||
| 300 | _aXXV;807 | ||
| 500 | _aQuantity Number: 61 | ||
| 650 | _aComp-Sc | ||
| 700 | _a George M Marakas | ||
| 942 | _cBK | ||
| 999 |
_c15717 _d15717 |
||